Gaming Quiz

Random Gaming Quiz

League of Legends: Champions by their titles Quiz Stats

Quiz not verified by Sporcle

Also try: Contra Code
Challenge
Share
Tweet
Score 0/72 Timer 07:00
0 Plays Today
Title Champion % Correct
The Sad MummyAmumu
88.1%
The Frost Archer Ashe
87.8%
The Card MasterTwisted Fate
87.4%
The Yeti RiderNunu
87.4%
The Plague RatTwitch
86.4%
The Wuju Bladesman Master Yi
85.9%
The Might of DemaciaGaren
84.7%
The Mad Chemist Singed
84.4%
The Cursed TrollTrundle
84.2%
The Gem KnightTaric
84.2%
The Minotaur Alistar
84%
The ArmordilloRammus
83.1%
The Sheriff of PiltoverCaitlyn
82.8%
The Dark ChildAnnie
82.3%
The Demon JesterShaco
82%
The Animal Spirit Udyr
81.4%
The Lady of Luminosity Lux
81.2%
The Tiny Master of EvilVeigar
81.2%
The CryophoenixAnivia
80.9%
The Swift Scout Teemo
80.5%
The Eternal NightmareNocturne
80.3%
The Prodigal ExplorerEzreal
80.2%
ChronokeeperZilean
80.1%
The Great Steam GolemBlitzcrank
80%
The Starchild Soraka
79.9%
The Barbarian King Tryndamere
79.7%
Fallen AngelMorgana
79.3%
The Void Walker Kassadin
77%
The Twisted TreantMaokai
76.7%
The Curator of the SandsNasus
75.8%
The Prophet of the VoidMalzahar
75.1%
The Maven of the StringsSona
74.8%
The Master of MetalMordekaiser
74.8%
The Saltwater ScourgeGangplank
74.5%
The Bestial Huntress Nidalee
73.7%
The Revered InventorHeimerdinger
73.6%
Title Champion % Correct
The Butcher of the Sands Renekton
72.7%
Grandmaster at Arms Jax
72.4%
The Daring BombardierCorki
71.5%
The Serpent's EmbraceCassiopeia
70.6%
The Terror of the VoidCho'Gath
70.5%
The Will of BladesIrelia
70.1%
The Storm's FuryJanna
69.8%
The Mouth of the Abyss Kog'Maw
68.7%
The Undead ChampionSion
67.2%
The Rogue MageRyze
65.9%
The Megling Gunner Tristana
65.7%
The Sinister Blade Katarina
65.7%
The Master Tactician Swain
65.4%
The DeathsingerKarthus
65.2%
The Judicator Kayle
65%
The BerserkerOlaf
63.9%
The Exemplar of Demacia Jarvan IV
62.8%
Shard of the Monolith Malphite
62.7%
The Battle MistressSivir
62.6%
The DeceiverLeBlanc
61.3%
The Seneschal of DemaciaXin Zhao
60.7%
The Iron AmbassadorPoppy
60.5%
The Madman of Zaun Dr. Mundo
60.1%
The Blood Hunter Warwick
59.8%
The Bounty HunterMiss Fortune
58.6%
The Widowmaker Evelynn
57.7%
The Crimson ReaperVladimir
55.3%
The Fist of ShadowAkali
54.6%
The Eye of Twilight Shen
53%
The Artisian of WarPantheon
52.8%
The Rabble RouserGragas
52%
The Heart of the Tempest Kennen
51.6%
the Enlightened OneKarma
48.8%
The Sentinel's SorrowGalio
47.9%
The Headsman's PrideUrgot
45.3%
The Harbinger of DoomFiddlesticks
43.4%

You're not logged in!

Compare scores with friends on all Sporcle quizzes.
Sign Up with Email
OR
Log In

You Might Also Like...

Show Comments

Extras

Top Quizzes Today


Score Distribution

Your Account Isn't Verified!

In order to create a playlist on Sporcle, you need to verify the email address you used during registration. Go to your Sporcle Settings to finish the process.